| 000 | nam a22 a 4500 | ||
|---|---|---|---|
| 999 |
_c115882 _d115882 |
||
| 003 | BLK | ||
| 005 | 20220616091720.0 | ||
| 008 | 180409b bul|||||r ||||||| ||bul|| | ||
| 010 | _aKNG00121399000 | ||
| 040 | _aBLK | ||
| 041 |
_aBUL _cBUL |
||
| 080 |
_aРазвиване на мисълта. Подвижни упражнения - Упражняване на вниманието и способността за различаване, наблюдаване на природата, гимнастика, ритмични упражнения, ръчна работа и др. _b372.36 _x:78 _z372.36:78 |
||
| 100 | 1 |
_aАтанасова-Вукова, Анастасия Петрова _eпърви автор _9260321 |
|
| 139 |
_aАтанасова-Вукова, Анастасия Петрова _bА 93 |
||
| 245 | 1 | 0 |
_aПразници и развлечения за деца от ранна възраст _cАнастасия Петрова Атанасова-Вукова. |
| 257 | _aBGR | ||
| 260 |
_bНаука и изкуство _c1968 _aСофия |
||
| 300 |
_a152 с. _bс ноти _c22 см |
||
| 380 | _a3 | ||
| 500 | _aСъдържа сценарии на игрите, нотен материал, указания. | ||
| 650 | 4 |
_aМузикално възпитание - в детската градина _9248737 |
|
| 653 | _aмузикални игри | ||
| 653 | _aдетски песни | ||
| 653 | _aсценарии | ||
| 852 | _aЦб 47142 | ||
| 856 | 4 | _qpdf | |
| 856 | 4 | _qpdf | |
| 942 |
_cKNG _n0 _s1 |
||
| 944 |
_aCR _c12.02.2011 _lдобави в АБ / 11.02.2011 _kНаталия_Любомирова |
||
| 944 |
_aED _c12.02.2011 _lдобави в АБ / 11.02.2011 |
||
| 999 | _d115882 | ||